=LDR 00000nam 2200000 4500 =001 INLIS000000000025234 =005 20200526085921 =035 ##$$a 0010-061300000025234 =008 200526################g##########0#ind## =041 ##$$a ind =082 ##$$a 2X0 =090 ##$$a 2X0, Far k =100 ##$$a Faridl, Miftah =245 1#$$a Kapan pertolongan Allah tiba /$c Drs. Miftah Faridl =260 ##$$a Jakarta :$b Pustaka,$c 1989 =300 ##$$a xii, 202 hlm ; $c 17 x 12 cm =650 #4$$a Islam - Bimbingan dan petunjuk =850 ##$$a NBPNMAT =084 ##$$a 2X0 FAR k =990 ##$$a 00051734